000 00655nam a22002297a 4500
003 UA-OsUOA
001 39539
007 ta
008 20060621b un ||||| |||| 00| 0 ukr d
100 _aЖитецький П.Г
090 _a811.161.2
_bЖ74
942 _cBK
040 _aUA-OsUOA
_bukr
_cUA-OsUOA
_dUA-OsUOA
245 _aВибрані праці: філологія
300 _a328 с.
955 _a2
041 _aukr
080 _a811.161.2
260 _aК.
_bНаукова думка
_c1987
650 7 _a8 Мовознавство. Художня література. Літературознавство
_2UDC
999 _c325680
_d325680